000 00489nam a2200193Ia 4500
005 20250326142440.0
008 250326s9999 xx 000 0 und d
037 _aTextbook
040 _aFMSL
_beng
_cFMSL
041 _aeng
_2eng
084 _qFMSL
100 _aGupta S P
245 0 _aBusiness statistics
_cGupta S P And Others
250 _aEd 9
260 _aNew Delhi
_bNew Delhi, Sultan Chand & Sons
_c1990
300 _a789p
942 _cTB
999 _c1295075
_d1295075